15 Seconds - All Disney Animated Movies - Statistics

General Stats
  • This quiz has been taken 20 times
  • The average score is 4 of 64
Answer Stats
Year Movie % Correct
1937 Snow White and the Seven Dwarfs
64%
1991 Beauty and the Beast
36%
1950 Cinderella
36%
2013 Frozen
27%
2016 Moana
27%
1989 The Little Mermaid
27%
1951 Alice in Wonderland
18%
2024 Moana 2
18%
1953 Peter Pan
18%
2010 Tangled
18%
2016 Zootopia
18%
1992 Aladdin
9%
1942 Bambi
9%
2014 Big Hero 6
9%
1941 Dumbo
9%
1940 Fantasia
9%
2019 Frozen 2
9%
1988 Oliver & Company
9%
1959 Sleeping Beauty
9%
2000 The Emperor's New Groove
9%
1994 The Lion King
9%
2009 The Princess and the Frog
9%
2023 Wish
9%
2025 Zootopia 2
9%
2001 Atlantis: The Lost Empire
0%
2008 Bolt
0%
2003 Brother Bear
0%
2005 Chicken Little
0%
2000 Dinosaur
0%
2021 Encanto
0%
1999 Fantasia 2000
0%
1947 Fun and Fancy Free
0%
1997 Hercules
0%
2004 Home on the Range
0%
1955 Lady and the Tramp
0%
2002 Lilo & Stitch
0%
1946 Make Mine Music
0%
2007 Meet the Robinsons
0%
1948 Melody Time
0%
1998 Mulan
0%
1961 One Hundred and One Dalmatians
0%
1940 Pinocchio
0%
1995 Pocahontas
0%
2018 Ralph Breaks the Internet
0%
2021 Raya and the Last Dragon
0%
1973 Robin Hood
0%
1942 Saludos Amigos
0%
2022 Strange World
0%
1999 Tarzan
0%
1949 The Adventures of Ichabod and Mr. Toad
0%
1970 The Aristocats
0%
1985 The Black Cauldron
0%
1981 The Fox and the Hound
0%
1986 The Great Mouse Detective
0%
1996 The Hunchback of Notre Dame
0%
1967 The Jungle Book
0%
1977 The Many Adventures of Winnie the Pooh
0%
1977 The Rescuers
0%
1990 The Rescuers Down Under
0%
1963 The Sword in the Stone
0%
1944 The Three Caballeros
0%
2002 Treasure Planet
0%
2011 Winnie the Pooh
0%
2012 Wreck-It Ralph
0%
No matching quizzes found
Score Distribution
Percent of People with Each Score
Percentile by Number Answered
Your Score History
You have not taken this quiz